Darkstalkers characters - Statistics

General Stats
  • This quiz has been taken 16 times
  • The average score is 16 of 24
Answer Stats
Hint Answer % Correct
Friendly cat lady, working as a nun and musical star Felicia
100%
Ancient undead emperor of a great Egyptian kingdom. Anakaris
83%
Sadistic Dark Hunter who disguises herself as a cute, innocent girl. Baby Bonnie Hood
83%
Jiang-Shi-transformed Dark Hunter, always with her sister. Hsien-Ko
83%
British martial artist werewolf. Jon Talbain
83%
The Scottish ruler of Makai and Belial's successor. Morrigan Aensland
83%
Protected by the dhampir, only playable in Marvel Super Heroes. Anita
67%
The werewolf's wild side. Dark Talbain
67%
Alien robot discovered in Mexico, protector of a Mayan orphan. Huitzil
67%
The Dark Messiah Jedah Dohma
67%
The sealed-off power of the S-Class noble who gains her own will. Lilith
67%
The zombified "Rocker of Death" from Australia. Lord Raptor
67%
Invader from Planet Hellstorm. Pyron
67%
Queen of the Soul Bee race. Q-Bee
67%
Brazilian merman looking to avenge his people, curiously attractive. Rikuo
67%
Furry banana lover from Canada. Sasquatch
67%
Japanese samurai possessed by evil armor and sword. Bishamon
50%
The dhampir succumbed to darkness. Dee
50%
The Makai vampire, residing in a hidden Romanian castle. Demitri Maximoff
50%
Buddhist Dark Hunter, seeking redemption. Donovan Baine
50%
The samurai managed to control the evil possessing him. Oboro Bishamon
50%
Secret mode-exclusive character, switches to the loser character after every match Shadow
50%
The german professor's clueless creation. Victor von Gerdenheim
50%
Secret mode-exclusive character, makes every game a mirror match Marionette
33%
No matching quizzes found
Score Distribution
Percent of People with Each Score
Percentile by Number Answered
Your Score History
You have not taken this quiz